[Event "Groningen op 52nd"]
[Site "Groningen"]
[Date "2014.12.29"]
[Round "8"]
[White "Stegariu, Alexandru"]
[Black "Nguyen, Kevin"]
[Result "1/2-1/2"]
[WhiteElo "2156"]
[BlackElo "1986"]
[PlyCount "43"]
[EventDate "2014.12.21"]
[EventType "swiss"]
[EventRounds "9"]
[EventCountry "NED"]
[SourceTitle "CBM 164 Extra"]
[Source "ChessBase"]
[SourceDate "2015.03.02"]
[SourceVersion "1"]
[SourceVersionDate "2015.03.02"]
[SourceQuality "1"]

1. c4 Nf6 2. Nc3 g6 3. g3 Bg7 4. Bg2 0-0 5. e4 d6 6. Nge2 c5 7. 0-0 Nc6 8. d3 a6 9. h3 Rb8 10. f4 Ne8 11. Be3 b5 12. Qd2 Nd4 13. Rab1 Nc7 14. Nd5 Nxd5 15. cxd5 b4 16. Nxd4 cxd4 17. Bf2 Bd7 18. Rfe1 Qb6 19. e5 e6 20. Re4 Qb5 21. Bxd4 exd5 22. Re2 1/2-1/2

[Event "Groningen op 52nd"]
[Site "Groningen"]
[Date "2014.12.28"]
[Round "7"]
[White "Lomasov, Semen"]
[Black "Stegariu, Alexandru"]
[Result "1-0"]
[WhiteElo "2305"]
[BlackElo "2156"]
[PlyCount "87"]
[EventDate "2014.12.21"]
[EventType "swiss"]
[EventRounds "9"]
[EventCountry "NED"]
[SourceTitle "CBM 164 Extra"]
[Source "ChessBase"]
[SourceDate "2015.03.02"]
[SourceVersion "1"]
[SourceVersionDate "2015.03.02"]
[SourceQuality "1"]

1. e4 Nc6 2. Nf3 d6 3. d4 Nf6 4. Nc3 g6 5. Be3 Bg7 6. Qd2 0-0 7. Bh6 e5 8. Bxg7 Kxg7 9. d5 Nb8 10. 0-0-0 Bg4 11. Be2 Bxf3 12. Bxf3 a6 13. h4 h5 14. Rdg1 Nbd7 15. g4 hxg4 16. Bxg4 Nxg4 17. Rxg4 Nf6 18. Rgg1 Nh5 19. Ne2 Qf6 20. Qe3 Rh8 21. Rg4 Rh7 22. Kb1 b6 23. Rf1 Rah8 24. f4 exf4 25. Nxf4 Kg8 26. Qe2 Qe7 27. Qxa6 Nf6 28. Nxg6 fxg6 29. Rxg6+ Kf7 30. Rfxf6+ Qxf6 31. Rxf6+ Kxf6 32. a4 Rxh4 33. Qc4 Rc8 34. Qd4+ Kg5 35. Qg7+ Kf4 36. Qf6+ Kg3 37. Qf5 Ra8 38. b3 Rf4 39. Qd7 Ra7 40. e5 dxe5 41. d6 e4 42. dxc7 Rxc7 43. Qxc7 e3 44. Kc1 1-0

[Event "Groningen op 52nd"]
[Site "Groningen"]
[Date "2014.12.26"]
[Round "5"]
[White "Kolbus, Dietmar"]
[Black "Stegariu, Alexandru"]
[Result "1/2-1/2"]
[WhiteElo "2317"]
[BlackElo "2156"]
[PlyCount "69"]
[EventDate "2014.12.21"]
[EventType "swiss"]
[EventRounds "9"]
[EventCountry "NED"]
[SourceTitle "CBM 164 Extra"]
[Source "ChessBase"]
[SourceDate "2015.03.02"]
[SourceVersion "1"]
[SourceVersionDate "2015.03.02"]
[SourceQuality "1"]

1. c4 c5 2. Nf3 Nf6 3. Nc3 Nc6 4. d4 cxd4 5. Nxd4 g6 6. e4 d6 7. Be2 Bg7 8. Be3 0-0 9. 0-0 Nxd4 10. Bxd4 Bd7 11. Qd2 Bc6 12. f3 a5 13. b3 Nd7 14. Be3 Nc5 15. Rab1 Qc7 16. Rfc1 Rfc8 17. Rc2 Qd7 18. a3 Qd8 19. Bf1 Qd7 20. Bf2 Bxc3 21. Qxc3 b5 22. Bxc5 dxc5 23. cxb5 Bxb5 24. Rd2 Qb7 25. Bxb5 Qxb5 26. Rbd1 c4 27. bxc4 Qc5+ 28. Kf1 Qxc4+ 29. Qxc4 Rxc4 30. Rd4 Rac8 31. Rxc4 Rxc4 32. Ke2 Rc2+ 33. Rd2 Rc3 34. Rd3 Rc2+ 35. Rd2 1/2-1/2

[Event "Groningen op 52nd"]
[Site "Groningen"]
[Date "2014.12.24"]
[Round "4"]
[White "Stegariu, Alexandru"]
[Black "Benson, Oisin P"]
[Result "1-0"]
[WhiteElo "2156"]
[BlackElo "2010"]
[PlyCount "75"]
[EventDate "2014.12.21"]
[EventType "swiss"]
[EventRounds "9"]
[EventCountry "NED"]
[SourceTitle "CBM 164 Extra"]
[Source "ChessBase"]
[SourceDate "2015.03.02"]
[SourceVersion "1"]
[SourceVersionDate "2015.03.02"]
[SourceQuality "1"]

1. c4 Nf6 2. Nc3 g6 3. d4 Bg7 4. e4 d6 5. Nf3 0-0 6. Be2 e5 7. 0-0 Nc6 8. d5 Ne7 9. Ne1 Nd7 10. Nd3 f5 11. f3 f4 12. Bd2 g5 13. Rc1 Rf6 14. b4 Rh6 15. c5 Qe8 16. cxd6 cxd6 17. Nf2 Nf6 18. Ng4 Bxg4 19. fxg4 Qg6 20. Bf3 Kh8 21. Qe2 Re8 22. Nb5 Nc8 23. Nc7 Rg8 24. a4 Bf8 25. a5 Rh4 26. Be1 h5 27. Bxh4 hxg4 28. Bxg4 gxh4 29. Bf5 Qh7 30. Bxc8 h3 31. Qf3 hxg2 32. Rf2 Rg3 33. Qd1 f3 34. Rc4 Qh5 35. Bf5 Bh6 36. Rc3 Bf4 37. Ne6 Ng4 38. Rc8+ 1-0

[Event "Groningen op 52nd"]
[Site "Groningen"]
[Date "2014.12.21"]
[Round "1"]
[White "Popilski, Gil"]
[Black "Stegariu, Alexandru"]
[Result "1/2-1/2"]
[WhiteElo "2522"]
[BlackElo "2156"]
[PlyCount "69"]
[EventDate "2014.12.21"]
[EventType "swiss"]
[EventRounds "9"]
[EventCountry "NED"]
[SourceTitle "CBM 164 Extra"]
[Source "ChessBase"]
[SourceDate "2015.03.02"]
[SourceVersion "1"]
[SourceVersionDate "2015.03.02"]
[SourceQuality "1"]

1. c4 c5 2. Nf3 Nc6 3. d4 cxd4 4. Nxd4 Nf6 5. Nc3 g6 6. Nc2 Bg7 7. e4 0-0 8. Be2 d6 9. 0-0 a6 10. Be3 Rb8 11. f3 Ne8 12. Qd2 Bd7 13. Rab1 b6 14. Rfd1 Qc8 15. Nd5 b5 16. Ncb4 Qb7 17. cxb5 Nxb4 18. Qxb4 Bxb5 19. Bxb5 axb5 20. Rbc1 Nf6 21. Rc6 Nxd5 22. exd5 Qa8 23. Qb3 Qa4 24. Rd3 Rfc8 25. Qxa4 bxa4 26. Ra3 Rxc6 27. dxc6 Rc8 28. Rxa4 Bxb2 29. Ra6 f6 30. a4 Kf7 31. Rb6 Bc3 32. Kf1 Ke6 33. Ke2 Ba5 34. Rb5 Bd8 35. Bb6 1/2-1/2

[Event "Arad op"]
[Site "Arad"]
[Date "2012.07.29"]
[Round "3"]
[White "Stegariu, Alexandru"]
[Black "Tarlev, Konstantin"]
[Result "0-1"]
[WhiteElo "2137"]
[BlackElo "2524"]
[PlyCount "50"]
[EventDate "2012.07.27"]
[EventType "swiss"]
[EventRounds "9"]
[EventCountry "ROU"]
[SourceTitle "CBM 149 Extra"]
[Source "ChessBase"]
[SourceDate "2012.08.24"]
[SourceVersion "1"]
[SourceVersionDate "2012.08.24"]
[SourceQuality "1"]

1. d4 Nf6 2. c4 e6 3. Nf3 Bb4+ 4. Nbd2 d5 5. e3 0-0 6. Bd3 b6 7. 0-0 Ba6 8. Qe2 c5 9. Nb3 cxd4 10. Nbxd4 Bd6 11. Nb5 Bxb5 12. cxb5 Nbd7 13. e4 dxe4 14. Bxe4 Nxe4 15. Qxe4 Nf6 16. Qb7 Nd5 17. Bd2 Qf6 18. Qc6 Bc5 19. Rab1 Qe7 20. b4 Rac8 21. bxc5 Rxc6 22. bxc6 bxc5 23. Rb7 Qd6 24. Rxa7 Qxc6 25. Rb1 c4 0-1

[Event "ROM-ch"]
[Site "Sarata Monteoru"]
[Date "2012.02.18"]
[Round "8"]
[White "Georgescu, Tiberiu Marian"]
[Black "Stegariu, Alexandru"]
[Result "1-0"]
[WhiteElo "2415"]
[BlackElo "2122"]
[PlyCount "63"]
[EventDate "2012.02.13"]
[EventType "swiss"]
[EventRounds "11"]
[EventCountry "ROU"]
[SourceTitle "CBM 147 Extra"]
[Source "ChessBase"]
[SourceDate "2012.04.24"]
[SourceVersion "1"]
[SourceVersionDate "2012.04.24"]
[SourceQuality "1"]

1. c4 Nf6 2. g3 g6 3. Nc3 Bg7 4. Bg2 0-0 5. e4 d6 6. Nge2 e5 7. 0-0 c6 8. d3 a6 9. h3 Nbd7 10. Be3 b5 11. a3 Bb7 12. f4 Qe7 13. f5 Ne8 14. b4 Nc7 15. g4 f6 16. a4 Kh8 17. Qd2 a5 18. bxa5 b4 19. Nb5 cxb5 20. axb5 Nc5 21. Rfb1 Rfb8 22. Rxb4 Bc8 23. Nc3 Bd7 24. Rbb1 Qe8 25. Kh1 Bf8 26. d4 exd4 27. Bxd4 Qf7 28. b6 N7a6 29. Nd5 Bg7 30. Qf4 Bc6 31. Qxd6 Bxd5 32. exd5 1-0

[Event "ROM-ch"]
[Site "Sarata Monteoru"]
[Date "2012.02.17"]
[Round "6"]
[White "Posedaru, Bogdan Stefan"]
[Black "Stegariu, Alexandru"]
[Result "1/2-1/2"]
[WhiteElo "2337"]
[BlackElo "2122"]
[PlyCount "53"]
[EventDate "2012.02.13"]
[EventType "swiss"]
[EventRounds "11"]
[EventCountry "ROU"]
[SourceTitle "CBM 147 Extra"]
[Source "ChessBase"]
[SourceDate "2012.04.24"]
[SourceVersion "1"]
[SourceVersionDate "2012.04.24"]
[SourceQuality "1"]

1. d4 d6 2. c4 e5 3. d5 g6 4. e4 Bg7 5. g3 Ne7 6. Bh3 Nd7 7. Nc3 0-0 8. Nge2 f5 9. 0-0 Nf6 10. exf5 Nxf5 11. Bg2 a5 12. Qd3 b6 13. f4 Nd7 14. Qc2 Nd4 15. Qd1 Nc5 16. Be3 Bg4 17. h3 Bxe2 18. Nxe2 Nxe2+ 19. Qxe2 Qe7 20. Bd4 Rae8 21. Rae1 Qd7 22. fxe5 Rxf1+ 23. Qxf1 Bxe5 24. Bxe5 Rxe5 25. Rxe5 dxe5 26. Qe2 Qe7 27. d6 1/2-1/2

[Event "ROM-ch"]
[Site "Sarata Monteoru"]
[Date "2012.02.14"]
[Round "2"]
[White "Dobre, Claudiu Cristian"]
[Black "Stegariu, Alexandru"]
[Result "1/2-1/2"]
[WhiteElo "2354"]
[BlackElo "2122"]
[PlyCount "38"]
[EventDate "2012.02.13"]
[EventType "swiss"]
[EventRounds "11"]
[EventCountry "ROU"]
[SourceTitle "CBM 147 Extra"]
[Source "ChessBase"]
[SourceDate "2012.04.24"]
[SourceVersion "1"]
[SourceVersionDate "2012.04.24"]
[SourceQuality "1"]

1. d4 Nf6 2. Nf3 g6 3. c4 Bg7 4. Nc3 0-0 5. e4 d6 6. Be2 e5 7. 0-0 Na6 8. Re1 c6 9. Rb1 exd4 10. Nxd4 Re8 11. f3 d5 12. cxd5 cxd5 13. Bb5 Bd7 14. Bxd7 Nxd7 15. Nxd5 Nb6 16. Nc2 Nxd5 17. Qxd5 Qxd5 18. exd5 Rxe1+ 19. Nxe1 Rd8 1/2-1/2

[Event "ROM-ch op"]
[Site "Sarata Monteoru"]
[Date "2011.02.15"]
[Round "5"]
[White "Stegariu, Alexandru"]
[Black "Stanciu, Alexandru Ovidiu"]
[Result "0-1"]
[WhiteElo "2053"]
[BlackElo "2297"]
[PlyCount "86"]
[EventDate "2011.02.12"]
[EventType "swiss"]
[EventRounds "11"]
[EventCountry "ROU"]
[SourceTitle "EXT 2013"]
[Source "ChessBase"]
[SourceDate "2012.11.22"]
[SourceVersion "1"]
[SourceVersionDate "2012.11.22"]
[SourceQuality "1"]

1. d4 Nf6 2. c4 g6 3. Nc3 Bg7 4. e4 d6 5. Nf3 0-0 6. Be2 e5 7. 0-0 Nbd7 8. Re1 Re8 9. Bf1 a6 10. Rb1 exd4 11. Nxd4 c6 12. b4 Ng4 13. h3 Nge5 14. Be3 c5 15. bxc5 dxc5 16. Nb3 Nxc4 17. Bxc4 Bxc3 18. Qd5 Qe7 19. Rec1 Bb4 20. Bg5 Qf8 21. Qd3 Ne5 22. Qg3 Nxc4 23. Rxc4 b5 24. Rxb4 cxb4 25. e5 Be6 26. Nd2 f5 27. exf6 Bxa2 28. Rc1 Rac8 29. Rxc8 Re1+ 30. Kh2 Qxc8 31. Nf3 Re4 32. Qd6 Bf7 33. Ne5 b3 34. Nc6 b2 35. Ne7+ Rxe7 36. fxe7 Be8 37. Qd5+ Kg7 38. Qe5+ Kg8 39. Bh6 Kf7 40. Bg5 Qf5 41. Qh8 Qxg5 42. Qf8+ Ke6 43. Qxe8 Qxe7 0-1

[Event "ROM-ch op"]
[Site "Sarata Monteoru"]
[Date "2011.02.14"]
[Round "4"]
[White "Ardelean, Rusalim Pavel"]
[Black "Stegariu, Alexandru"]
[Result "0-1"]
[WhiteElo "1851"]
[BlackElo "2053"]
[PlyCount "74"]
[EventDate "2011.02.12"]
[EventType "swiss"]
[EventRounds "11"]
[EventCountry "ROU"]
[SourceTitle "CBM 140 Extra"]
[Source "ChessBase"]
[SourceDate "2011.03.01"]
[SourceVersion "1"]
[SourceVersionDate "2011.03.01"]
[SourceQuality "1"]

1. e4 c5 2. Nc3 e6 3. Nf3 a6 4. d4 cxd4 5. Nxd4 Qc7 6. a3 Nf6 7. Bd3 Be7 8. 0-0 Nc6 9. Nf3 0-0 10. Bg5 b5 11. Qd2 Bb7 12. Rae1 d6 13. Qf4 Ne5 14. Nxe5 dxe5 15. Qh4 h6 16. Bxf6 Bxf6 17. Qg4 Bg5 18. Re2 Qe7 19. g3 Qc7 20. h4 Be7 21. f4 Bxa3 22. Nd1 Bc5+ 23. Kh2 Rad8 24. h5 f5 25. exf5 e4 26. fxe6 exd3 27. cxd3 Rxd3 28. e7 Bxe7 29. Ne3 Bc8 30. f5 Bg5 31. Rc2 Qd8 32. Ng2 Rd2 33. Qe4 Rxc2 34. Qxc2 Qd5 35. g4 Bb7 36. Ne1 Qe5+ 37. Kh3 Qe3+ 0-1

[Event "ROM-ch op"]
[Site "Sarata Monteoru"]
[Date "2011.02.13"]
[Round "2"]
[White "Anton, Teodor"]
[Black "Stegariu, Alexandru"]
[Result "1-0"]
[WhiteElo "2316"]
[BlackElo "2053"]
[PlyCount "149"]
[EventDate "2011.02.12"]
[EventType "swiss"]
[EventRounds "11"]
[EventCountry "ROU"]
[SourceTitle "CBM 140 Extra"]
[Source "ChessBase"]
[SourceDate "2011.03.01"]
[SourceVersion "1"]
[SourceVersionDate "2011.03.01"]
[SourceQuality "1"]

1. d4 Nf6 2. Nf3 g6 3. e3 Bg7 4. Bd3 0-0 5. 0-0 d6 6. Nbd2 Nbd7 7. e4 e5 8. c3 c5 9. dxe5 Nxe5 10. Nxe5 dxe5 11. Nc4 Qc7 12. a4 b6 13. Qc2 Bb7 14. f3 a6 15. Qb3 Nd7 16. Ne3 Bc6 17. Bc4 Nf6 18. Rd1 Qb7 19. Nd5 b5 20. Bg5 Nxd5 21. Bxd5 c4 22. Qc2 Bxd5 23. Rxd5 bxa4 24. Rxa4 Rab8 25. Rxc4 Qb6+ 26. Kf1 Qxb2 27. Qxb2 Rxb2 28. Be7 Rfb8 29. Rb4 R2xb4 30. Bxb4 Rc8 31. Ke2 Bf8 32. Rxe5 Bxb4 33. cxb4 Rc2+ 34. Kf1 Rb2 35. Ra5 Rxb4 36. Rxa6 Rb2 37. h4 h5 38. Ra1 Kg7 39. Re1 Kf6 40. Re2 Rb6 41. Kf2 Ke6 42. Rd2 f5 43. Ke3 fxe4 44. fxe4 Kf6 45. Kf4 Rb4 46. Rd6+ Kf7 47. Ra6 Rc4 48. Ke5 Rc5+ 49. Kf4 Rc2 50. g3 Rf2+ 51. Kg5 Rf3 52. Ra7+ Ke6 53. Kxg6 Rxg3+ 54. Kxh5 Re3 55. Ra4 Rg3 56. Ra8 Ke7 57. Ra5 Re3 58. e5 Rg3 59. Kh6 Ke6 60. h5 Rg1 61. Kh7 Rg2 62. h6 Rg5 63. Kh8 Rg2 64. h7 Rg3 65. Ra8 Kf7 66. Ra6 Rg5 67. Ra7+ Kf8 68. e6 Rg2 69. Rf7+ Ke8 70. Rg7 Rf2 71. Rg8+ Ke7 72. Kg7 Rg2+ 73. Kh6 Rh2+ 74. Kg6 Rg2+ 75. Kf5 1-0

[Event "ROM-ch U18"]
[Site "Voineasa"]
[Date "2010.04.11"]
[Round "6"]
[White "Stegariu, Alexandru"]
[Black "Hajbok, Robert"]
[Result "1/2-1/2"]
[WhiteElo "2058"]
[BlackElo "2280"]
[PlyCount "80"]
[EventDate "2010.04.08"]
[EventType "swiss"]
[EventRounds "9"]
[EventCountry "ROU"]
[SourceTitle "EXT 2020"]
[Source "ChessBase"]
[SourceDate "2019.10.17"]
[SourceVersion "1"]
[SourceVersionDate "2019.10.17"]
[SourceQuality "1"]

1. d4 Nf6 2. Nf3 c5 3. d5 b5 4. c4 bxc4 5. Nc3 d6 6. e4 Nbd7 7. Bxc4 g6 8. 0-0 Bg7 9. h3 0-0 10. Re1 Ne8 11. Bf4 Rb8 12. Qd2 f6 13. Qc2 Qb6 14. Rab1 Ba6 15. Nd2 Ne5 16. b3 Nc7 17. Bg3 Nxc4 18. bxc4 Qa5 19. Rxb8 Rxb8 20. Rb1 Rb4 21. Rxb4 Qxb4 22. Nd1 Bc8 23. Qc3 Qb6 24. Qb3 Bd7 25. f4 Na6 26. Qxb6 axb6 27. Nc3 Nb4 28. Kf1 Kf7 29. Ke2 Nc2 30. Kd3 Nb4+ 31. Ke2 Nc2 32. Kd3 Nd4 33. Nb3 Nxb3 34. axb3 Ke8 35. Na4 Bxa4 36. bxa4 Kd7 37. Be1 Bh6 38. g3 Bg7 39. g4 Bh6 40. f5 Bf4 1/2-1/2

[Event "ROM-ch U18"]
[Site "Voineasa"]
[Date "2010.04.08"]
[Round "1"]
[White "Stegariu, Alexandru"]
[Black "Petre, Mihai"]
[Result "1-0"]
[WhiteElo "2058"]
[BlackElo "1820"]
[PlyCount "55"]
[EventDate "2010.04.08"]
[EventType "swiss"]
[EventRounds "9"]
[EventCountry "ROU"]
[SourceTitle "EXT 2020"]
[Source "ChessBase"]
[SourceDate "2019.10.17"]
[SourceVersion "1"]
[SourceVersionDate "2019.10.17"]
[SourceQuality "1"]

1. d4 d5 2. c4 e6 3. Nc3 Bb4 4. cxd5 Bxc3+ 5. bxc3 exd5 6. Nf3 Nf6 7. Ba3 Ne4 8. Qb3 c6 9. e3 b5 10. Bd3 Bf5 11. Bxe4 Bxe4 12. 0-0 Nd7 13. Nd2 Qg5 14. Nxe4 dxe4 15. c4 h5 16. cxb5 cxb5 17. Rac1 Rh6 18. Qc2 f5 19. Qb3 Rf6 20. Qxb5 Rg6 21. g3 h4 22. Qd5 Rb8 23. Qg8+ Nf8 24. Qxf8+ Kd7 25. Qf7+ Kd8 26. Qc7+ Ke8 27. Qxb8+ Kf7 28. Rc7+ 1-0